Profesní bakaláři - nový trend přípravy manažerů
Otázka profesných bakalárov. Študijný program. Kreditný systém ECTS (European Credit Transfer System). Hodnotenie podľa ECTS. Zhoda predmetov s predmetmi bakalárskeho štúdia v SRN a USA. Ciele štúdia a profil absolventa. Výstupné znalosti a zručnosti absolventa. Kvalifikačná pripravenosť a miera pro...
Uložené v:
| Hlavný autor: | |
|---|---|
| Ďalší autori: | |
| Médium: | Kapitola |
| Jazyk: | Czech |
| Predmet: | |
| Tagy: |
Žiadne tagy, Buďte prvý, kto otaguje tento záznam!
|
MARC
| LEADER | 00000naa$a2200000$$$4500 | ||
|---|---|---|---|
| 001 | 0023639 | ||
| 005 | 20220504120104.6 | ||
| 041 | 0 | |a cze | |
| 044 | |a SK | ||
| 245 | 1 | 0 | |a Profesní bakaláři - nový trend přípravy manažerů |c Miloslav Synek, Eva Kislingerová |
| 520 | |a Otázka profesných bakalárov. Študijný program. Kreditný systém ECTS (European Credit Transfer System). Hodnotenie podľa ECTS. Zhoda predmetov s predmetmi bakalárskeho štúdia v SRN a USA. Ciele štúdia a profil absolventa. Výstupné znalosti a zručnosti absolventa. Kvalifikačná pripravenosť a miera profesnej adaptability na podmienky a požiadavky praxe, charakteristika profesie. | ||
| 610 | 2 | 0 | |a štúdium bakalárske |
| 610 | 2 | 0 | |a programy študijné |
| 610 | 2 | 0 | |a predmety učebné |
| 610 | 2 | 0 | |a Česko |
| 610 | 2 | 0 | |a Nemecko |
| 610 | 2 | 0 | |a USA |
| 100 | 1 | |a Synek, Miloslav | |
| 700 | 1 | |a Kislingerová, Eva | |